Immigration Mexiko - Statistiken

Allgemein
  • Dieses Quiz wurde 78 mal gespielt
  • Das Durchschnittsergebnis liegt bei 26 aus 30
Antwortstatistiken
Platz Land Anzahl % Korrekt
1. Vereinigte Staaten 797.266
100%
15. Deutschland 6.860
94%
7. Spanien 20.763
94%
10. Kanada 12.439
93%
17. Chile 6.532
92%
11. China 10.547
92%
4. Kolumbien 36.234
92%
6. Kuba 25.976
92%
13. Brasilien 8.689
90%
23. Ecuador 3.995
90%
14. Peru 8.670
90%
3. Venezuela 52.948
90%
9. Argentinien 18.693
89%
29. Bolivien 2.505
87%
24. Costa Rica 3.803
87%
5. Honduras 35.361
87%
8. El Salvador 19.736
86%
27. Uruguay 2.706
86%
26. Belize 2.813
85%
2. Guatemala 56.810
85%
20. Japan 5.339
85%
12. Frankreich 9.080
83%
19. Nicaragua 5.731
82%
22. Vereinigtes Königreich 4.030
82%
18. Haiti 5.895
80%
16. Italien 6.619
79%
25. Dominikanische Republik 2.849
75%
28. Indien 2.656
72%
30. Russland 2.321
72%
20. Südkorea 5.339
63%
Keine übereinstimmenden Quizze gefunden
Verteilung der Resultate
Anzahl Personen mit jedem Resultat
Perzentil nach korrekt beantworteten Fragen
Ihre Resultats-Entwicklung
Sie haben dieses Quiz noch nicht gespielt